"La praesentia" y la "virtus" : (Record n. 26251)

Dettagli MARC
000 -LEADER
fixed length control field 00993cam a2200241 i 4500
003 - CONTROL NUMBER IDENTIFIER
control field IT-RoINE
005 - DATE AND TIME OF LATEST TRANSACTION
control field 20180904100134.0
008 - FIXED-LENGTH DATA ELEMENTS--GENERAL INFORMATION
fixed length control field 030528s2002 sp | r ||| ||spa d
020 ## - INTERNATIONAL STANDARD BOOK NUMBER
International Standard Book Number 8493288403
040 ## - CATALOGING SOURCE
Original cataloging agency SpMaBN
Transcribing agency SpMaBN IT-RoINE
Modifying agency IT-RoINE
100 1# - MAIN ENTRY--PERSONAL NAME
Personal name García de la Borbolla García de Paredes, Ángeles
9 (RLIN) 28736
245 14 - TITLE STATEMENT
Title "La praesentia" y la "virtus" :
Remainder of title la imagen y la función del santo a partir de la hagiografía castellano-leonesa del siglo XIII /
Statement of responsibility, etc Ángeles García de la Borbolla García de Paredes.
260 ## - PUBLICATION, DISTRIBUTION, ETC. (IMPRINT)
Place of publication, distribution, etc Santo Domingo de Silos :
Name of publisher, distributor, etc Abadía de Santo Domingo de Silos,
Date of publication, distribution, etc 2002.
300 ## - PHYSICAL DESCRIPTION
Extent 389 p. ;
Dimensions 24 cm.
336 ## - CONTENT TYPE
Source rdacontent
Content type term text
337 ## - MEDIA TYPE
Source rdamedia
Media type term unmediated
338 ## - CARRIER TYPE
Source rdacarrier
Carrier type term volume
490 1# - SERIES STATEMENT
Series statement Studia Silensia ;
Volume number/sequential designation 24
504 ## - BIBLIOGRAPHY, ETC. NOTE
Bibliography, etc Bibliografía: p. [371]-385
650 #4 - SUBJECT ADDED ENTRY--TOPICAL TERM
Topical term or geographic name as entry element Hagiografía cristiana
Geographic subdivision España
-- Castilla y León
General subdivision Historia
Chronological subdivision Siglo 13o.
9 (RLIN) 51957
830 #0 - SERIES ADDED ENTRY--UNIFORM TITLE
9 (RLIN) 25162
Uniform title Studia Silensia (Abadía de Silos) ;
Volume number/sequential designation 24
942 ## - ADDED ENTRY ELEMENTS (KOHA)
Item type Monografías
Dati di copia
Withdrawn status Lost status Damaged status Not for loan Home library Current library Date acquired Total Checkouts Full call number Barcode Date last seen Price effective from Koha item type
        Iglesia Nacional Española en Roma Iglesia Nacional Española en Roma 04/09/2018   HIS.ECL.ESP 537 51918 04/09/2018 04/09/2018 Monografías